000 00473nam a2200193 4500
005 20260213140843.0
008 CUC123
020 _a074942916X
050 _aHF 5549 MEG
_b1
100 _aMEGGINGSON, DAVID
245 _aHuman resource development:
_bThe fast track MBA series
250 _a2nd
260 _alondon
_bkogan
_c2000
300 _aix,198p
650 _2BANFIELD, PAUL
700 _aBANFIELD, PAUL
700 _aJOY- MATHEWS, JENNIFER
942 _2lcc
_cBK
_n0
999 _c8697
_d8697